000 00306nam a22001457a 4500
008 210304b ||||| |||| 00| 0 eng d
020 _a9780764147128
041 _aeng
080 _a82
082 _a82
100 _a21
101 _aGJL
245 _aPainless Grammar
_cElliot, R.E
942 _2udc
_cBK
999 _c55749
_d55749